| 000 | 01273nam a2200313 a 4500 | ||
|---|---|---|---|
| 001 | ebr5003142 | ||
| 003 | CaPaEBR | ||
| 006 | m u | ||
| 007 | cr cn||||||||| | ||
| 008 | 940422s1994 hiub sb s001 0 eng | ||
| 010 | _z 94017048 | ||
| 020 | _z0824815890 (acid-free paper0 | ||
| 040 |
_aCaPaEBR _cCaPaEBR |
||
| 035 | _a(OCoLC)49870031 | ||
| 050 | 1 | 4 |
_aDS731.M5 _bJ46 1994eb |
| 082 | 0 | 4 |
_a951/.03 _220 |
| 100 | 1 | _aJenks, Robert Darrah. | |
| 245 | 1 | 0 |
_aInsurgency and social disorder in Guizhou _h[electronic resource] : _bthe "Miao" Rebellion, 1854-1873 / _cRobert D. Jenks. |
| 260 |
_aHonolulu : _bUniversity of Hawaii Press, _cc1994. |
||
| 300 |
_axi, 227 p. : _bmaps. |
||
| 504 | _aIncludes bibliographical references (p. 205-218) and index. | ||
| 533 |
_aElectronic reproduction. _bPalo Alto, Calif. : _cebrary, _d2013. _nAvailable via World Wide Web. _nAccess may be limited to ebrary affiliated libraries. |
||
| 650 | 0 |
_aHmong (Asian people) _zChina _xHistory. |
|
| 651 | 0 |
_aChina _xEthnic relations. |
|
| 651 | 0 |
_aChina _xHistory _y19th century. |
|
| 655 | 7 |
_aElectronic books. _2local |
|
| 710 | 2 | _aebrary, Inc. | |
| 856 | 4 | 0 |
_uhttp://site.ebrary.com/lib/rucke/Doc?id=5003142 _zAn electronic book accessible through the World Wide Web; click to view |
| 999 |
_c1808 _d1808 |
||